| 000 | 00579nam a22001817a 4500 | ||
|---|---|---|---|
| 005 | 20180426111042.0 | ||
| 010 | _aENG-122672 | ||
| 020 |
_a9789386582539 _c350.00 |
||
| 035 | _aEN-106204 | ||
| 037 | _bDBAD/PUB | ||
| 082 | _a305.560954 | ||
| 100 | _aParulkar, Ashwin | ||
| 245 |
_aDispossessed stories from india's margins / _cby Ashwin Parulkar...[et...all] |
||
| 260 |
_aNew Delhi _bSpeaking Tiger Publications _c2017 |
||
| 270 |
_a4381/4, Ansari Road, Daryaganj, _bNew Delhi _e110002 |
||
| 300 |
_a242p. _c21cm(pbk) |
||
| 942 |
_2ddc _cEN _mPAR _h305.560954 |
||
| 999 |
_c151764 _d151764 |
||